Top 10 US States with most Ski Resorts - Statistics

General Stats
  • This quiz has been taken 94 times
  • The average score is 8 of 10
Answer Stats
# State % Correct
33 Colorado
98%
29 California
92%
52 New York
92%
21 Maine
89%
26 Vermont
89%
28 New Hampshire
84%
21 Minnesota
81%
25 Pennsylvania
77%
40 Michigan
73%
33 Wisconsin
69%
No matching quizzes found
Score Distribution
Percent of People with Each Score
Percentile by Number Answered
Your Score History
You have not taken this quiz